000 00668nam a2200229Ia 4500
003 OSt
005 20220925215305.0
006 a|||||r|||| 00| 0
007 ta
008 220923b |||||||| |||| 00| 0 eng d
037 _cGeneral Book
040 _aRTL
_cRTL
_beng
041 _2eng
_aeng
082 _aX655.1(X).N7, L5
100 _aDeepak Lal
_9236342
245 0 _aAppraising foreign investment in developing countr
260 _aLondon
_bHeinemann U. K.
_c1975
300 _axiv, 291p. Bibliography p.276-81
_ccm.
650 _aForeign Investment
942 _hX655.1(X).N7, L5
_cGB
_2CC
999 _c568387
_d568387